| 000 | 00667nam a22001937a 4500 | ||
|---|---|---|---|
| 999 |
_c18316 _d18316 |
||
| 003 | AR-CdUCM | ||
| 008 | 190513b ||||| |||| 00| 0 spa d | ||
| 040 |
_aMUNICIPALIDAD PROVINCIAL DEL CUSCO _cBIBLIOTECA MUNICIPAL DEL CUSCO |
||
| 082 |
_a382.1 / _bC87 |
||
| 100 |
_aCrozier, Brian. _938834 |
||
| 245 | _aNeo colonialismo / | ||
| 260 |
_c1964. _aArgentina : _bMarymar, |
||
| 300 |
_a129 páginas ; _c20 cm. |
||
| 505 | _aContenido : La acusación -- La defensa -- Las compañías mancomunadas -- El veredicto -- El África de habla francesa ... | ||
| 650 |
_aÁfrica. _91289 |
||
| 650 |
_aGran Bretaña. _98218 |
||
| 942 |
_2ddc _cLIBROS |
||
| 945 |
_arum _d2019-05-13 |
||